| 000 | 00464nam a2200121Ia 4500 | ||
|---|---|---|---|
| 008 | 220615s9999||||xx |||||||||||||| ||und|| | ||
| 100 | _aMercat-Bruns, Marie | ||
| 245 | 0 |
_aDiscrimination at Work _bComparing European, French, and American Law |
|
| 546 | _aEnglish[eng] | ||
| 650 | _aLaw||Labor & Employment||Social Science||Sociology||General||Law||Comparative | ||
| 856 | _uhttps://library.oapen.org/bitstream/20.500.12657/43782/1/external_content.epub | ||
| 942 | _cEB | ||
| 999 |
_c7989 _d7989 |
||